| 000 | 00623nam a2200217Ia 4500 | ||
|---|---|---|---|
| 008 | 101110s9999 xx 000 0 und d | ||
| 041 | _aENGLISH | ||
| 082 | _bMSC120 | ||
| 100 | _aRabinovich V.A. and Rubina K.M. (Ed.), Glinka N.L. | ||
| 245 | _aProblems and exercises in general chemsitry | ||
| 260 | _bMir Publishers, Moscow | ||
| 300 | _a288 | ||
| 365 | _b75 | ||
| 520 | _aM.Sc. Chemistry | ||
| 546 | _aENGLISH | ||
| 630 | _aProblems and exercises in general chemsitry | ||
| 650 | _aM.Sc. Chemistry | ||
| 655 | _aM.Sc. Chemistry | ||
| 730 | _aProblems and exercises in general chemsitry | ||
| 942 | _cBOOK | ||
| 999 |
_c797325 _d797322 |
||